000 00690nam a22002057a 4500
999 _c61275
_d61275
005 20240124120916.0
008 240124s2021 enk||||| |||| 00| 0 eng d
020 _a 9781260575873x
041 _aeng
080 _a004 H-66
100 _aHillier, Frederick
_921107
245 _aIntroduction to Operations Research /
_cFrederick Hillier, Gerald Lieberman.
250 _a11th Edition
264 _aNew York :
_b McGraw-Hill,
_c 2021.
300 _a994 p.:
_bill. ;
_c25 cm.
653 _aოპერაციების კვლევა
653 _aპროგრამირება
700 _aLieberman, Gerald
_eავტორი
_921108
942 _2udc
_cᲬᲘᲒᲜᲘ